LEADER 00813nam a2200205 i 4500 001 000000131159 003 CaOOAMICUS 005 20170201000000.0 008 170201s1864 it u000 u ita u 013 $a104016 040 $aSeMil$bita 100 1 $aBarrera, Carlo.$0(OLS)http://semarc/name/93307 245 10$aStoria della Valsolda :$bcon documenti e statuti /$cC. Barrera. 260 $aPinerolo :$bTipografia Chiantore,$c1864. 300 $a404 p. ;$c22 cm. 650 4$aValsolda.$0(OLS)http://semarc/subject/17240 850 $aSeMil 852 $aSeMil$W1$xVenegono$y1$m3P III 14 FA$j85144$B85144$CSeMilBibl$Z2$F88876 $8I 996 $6245$aStoria della Valsolda :$bcon documenti e statuti$9(OLS)http://semarc/title/408187 996 $6260$aPinerolo :$bTipografia Chiantore$9(OLS)http://semarc/publisher/57192 LEADER 01159nam a2200193 i 4500 001 000000215526 003 CaOOAMICUS 005 20120828000000.0 008 120828s1750 xx u000 u lat u 013 $a194399 026 $ao.r: n-i- a-i. (ade (3) 1750 (R) 040 $aSeMil$bita 245 10$aTomus decimustertius complectens Scriptum in reliquas vigini & octo distinctiones libri quarti Sentententiarum. 300 $aXX, [12], 568 [i.e. 570], [2] p. 500 $aSegn. : a-d4 A-4A4 4B6. - Ultima c. bianca. - Ripetute nella numerazione le p. 535-536. 773 0 $aTommaso : d'Aquino $tDivi Thomae Aquinatis doctoris angelici ordinis praedicatorum Opera.$bEditio altera veneta ad plurima exempla comparata, & emendata. Accedunt vita, seu elogium eius a Iacobo Echardo ..., & Bernardi Mariae De Rubeis ...$dVenetiis : Cudebat Ioseph Bettinelli, 1755-1760.$g13$w()23733 850 $aSeMil 852 $aSeMil$W1$xVenegono$y1$m2C IV 13 FA$j165946$B165946$CSeMilBibl$Z2$F176903 $8I 996 $6245$aTomus decimustertius complectens Scriptum in reliquas vigini & octo distinctiones libri quarti Sentententiarum$9(OLS)http://semarc/title/310252